000 00281nam a22001217a 4500
003 OSt
005 20240626100750.0
008 240626b |||||||| |||| 00| 0 eng d
040 _bMarati
_c
245 _aArthasadhana
_cSameer Nesrikar
_hMarati
260 _c2024
942 _2ddc
_cBK
_n0
999 _c36050
_d36050